Normal view
MARC view
- Thatte.R.Shendre
Entry Personal Name
001 - CONTROL NUMBER
- control field: 5558
003 - CONTROL NUMBER IDENTIFIER
- control field: OSt
005 - DATE AND TIME OF LATEST TRANSACTION
- control field: 20180125144005.0
008 - FIXED-LENGTH DATA ELEMENTS
- fixed length control field: 180125|| aca||aabn | a|a d
040 ## - CATALOGING SOURCE
- Original cataloging agency: OSt
- Transcribing agency: OSt
100 ## - HEADING--PERSONAL NAME
- Personal name: Thatte.R.Shendre
670 ## - SOURCE DATA FOUND
- Source citation: Work cat.: (OSt): Thatte.R.Shendre, A Drug is Born, 2000